Вибране. Вірші та поеми (1936-2002) (Запис № 331068)
[ простий вигляд ]
| 000 -LEADER | |
|---|---|
| fixed length control field | 00726nam a22002537a 4500 |
| 001 - CONTROL NUMBER | |
| control field | 44952 |
| 003 - CONTROL NUMBER IDENTIFIER | |
| control field | UA-OsUOA |
| 005 - DATE AND TIME OF LATEST TRANSACTION | |
| control field | 20210711232717.0 |
| 007 - PHYSICAL DESCRIPTION FIXED FIELD--GENERAL INFORMATION | |
| fixed length control field | ta |
| 008 - FIXED-LENGTH DATA ELEMENTS--GENERAL INFORMATION | |
| fixed length control field | 20070319b un ||||| |||| 00| 0 ukr d |
| 020 ## - INTERNATIONAL STANDARD BOOK NUMBER | |
| International Standard Book Number | 966-578-165-0 |
| 040 ## - CATALOGING SOURCE | |
| Original cataloging agency | UA-OsUOA |
| Language of cataloging | ukr |
| Transcribing agency | UA-OsUOA |
| Modifying agency | UA-OsUOA |
| 041 ## - LANGUAGE CODE | |
| Language code of text/sound track or separate title | ukr |
| 080 ## - UNIVERSAL DECIMAL CLASSIFICATION NUMBER | |
| Universal Decimal Classification number | 821.161.2 |
| 090 ## - LOCALLY ASSIGNED LC-TYPE CALL NUMBER (OCLC); LOCAL CALL NUMBER (OCLC) | |
| Classification number (OCLC) (R) ; Classification number, CALL (RLIN) (NR) | 821.161.2 |
| Local cutter number (OCLC) ; Book number/undivided call number, CALL (RLIN) | Р83 |
| 100 ## - MAIN ENTRY--PERSONAL NAME | |
| Personal name | Руденко М. |
| 245 ## - TITLE STATEMENT | |
| Title | Вибране. Вірші та поеми (1936-2002) |
| 260 ## - PUBLICATION, DISTRIBUTION, ETC. (IMPRINT) | |
| Place of publication, distribution, etc | К. |
| Name of publisher, distributor, etc | Дніпро |
| Date of publication, distribution, etc | 2004 |
| 300 ## - PHYSICAL DESCRIPTION | |
| Extent | 800 с. |
| 650 #7 - SUBJECT ADDED ENTRY--TOPICAL TERM | |
| Topical term or geographic name as entry element | 82 Література. Літературознавство |
| Source of heading or term | UDC |
| 942 ## - ADDED ENTRY ELEMENTS (KOHA) | |
| Koha item type | Книги |
| Source of classification or shelving scheme | Universal Decimal Classification |
| 955 ## - COPY-LEVEL INFORMATION (RLIN) | |
| Classification number, CCAL (RLIN) | Літературно-художні видання |
| Withdrawn status | Lost status | Source of classification or shelving scheme | Damaged status | Not for loan | Collection code | Home library | Current library | Date acquired | Source of acquisition | Cost, normal purchase price | Inventory number | Total Checkouts | Full call number | Barcode | Date last seen | Price effective from | Koha item type |
|---|---|---|---|---|---|---|---|---|---|---|---|---|---|---|---|---|---|
| Universal Decimal Classification | Колекція Жулинського М.Г. | АБ - Абонемент НБ | АБ - Абонемент НБ | 08/09/2017 | 34/2017 | 22.00 | 155228 | 821.161.2 Р83 | 155228 | 06/02/2022 | 03/02/2006 | Книги | |||||
| Universal Decimal Classification | АБ - Абонемент НБ | АБ - Абонемент НБ | 03/02/2006 | 13/2006 | 21.83 | 94706 | 821.161.2 Р83 | 94706 | 05/04/2022 | 03/02/2006 | Книги | ||||||
| Universal Decimal Classification | АБ - Абонемент НБ | АБ - Абонемент НБ | 03/02/2006 | 13/2006 | 21.83 | 94707 | 821.161.2 Р83 | 94707 | 05/04/2022 | 03/02/2006 | Книги | ||||||
| Universal Decimal Classification | АБ - Абонемент НБ | АБ - Абонемент НБ | 03/02/2006 | 13/2006 | 21.83 | 94708 | 821.161.2 Р83 | 94708 | 05/04/2022 | 03/02/2006 | Книги | ||||||
| Universal Decimal Classification | АБ - Абонемент НБ | АБ - Абонемент НБ | 03/02/2006 | 13/2006 | 21.83 | 94709 | 821.161.2 Р83 | 94709 | 05/04/2022 | 03/02/2006 | Книги | ||||||
| Universal Decimal Classification | АБ - Абонемент НБ | АБ - Абонемент НБ | 19/03/2007 | 57/2007 | 10.00 | 104071 | 821.161.2 Р83 | 104071 | 05/04/2022 | 19/03/2007 | Книги | ||||||
| Universal Decimal Classification | Колекція Жулинського М.Г. | ЧЗ - Читальна зала | ЧЗ - Читальна зала | 29/09/2010 | 82/2010 | 24.00 | 129653 | 821.161.2 Р83 | 129653 | 06/02/2022 | 29/09/2010 | Книги | |||||
| Universal Decimal Classification | Колекція Жулинського М.Г. | ЧЗ - Читальна зала | ЧЗ - Читальна зала | 26/05/2011 | 69/2011 | 30.00 | 132566 | 821.161.2 Р83 | 132566 | 06/02/2022 | 26/05/2011 | Книги |